00753nam a2200205 a 450000100100000000500170001000800410002702000150006804000250008308200170010810000400012524500780016526000330024330000290027650400270030558600400033270000430037295201150041599900170053000004267020201002040320.0140204s1982 sp a 000 0 spa d a8424149246 aDO-SdBNPbspacBNPHU axxxxxbxxxxx1 aÁgueda Castellano, María96996310aBelmonte /cMaría Águeda Castellano ; prólogo José Guerra Campos. aEspaña, :bEvertur,c1982. a126 cm. :bil. ;c17 cm. aBibliogafías: p. 127 a2o. premio de turismo Everest, 19811 aGuerra Campos, José,epról.969964 001050718MOaGRbGRcHDd2014-02-04iLF1l0oxxxxx xxxxxp42670-10r2020-06-25w2020-06-25y1ZNo se presta c42159d42159